2010 FIFA World Cup Knockout Stage - Statistics

General Stats
  • This quiz has been taken 1,793 times
  • The average score is 13 of 16
Answers on the Map
Answers color-coded by a green-red scale on the quiz's map according to % correct below.
 
Answer Stats
Nation % Correct
Spain
99%
Germany
96%
Netherlands
96%
Argentina
93%
Brazil
92%
Uruguay
90%
England
87%
Portugal
87%
Ghana
79%
Mexico
77%
United States
76%
Japan
69%
Chile
66%
South Korea
60%
Paraguay
57%
Slovakia
43%
No matching quizzes found
Score Distribution
Percent of People with Each Score
Percentile by Number Answered
Your Score History
You have not taken this quiz